How well do you know The Next Step? Season 6 edition! - Statistics

General Stats
  • This quiz has been taken 3,156 times
  • The average score is 10 of 15
Answer Stats
Question Answer % Correct
Who is the new Studio Head? Miss Angela
95%
Who is known as Dance-zilla? Richelle
89%
What is Jacquie’s “________ Shoe?” Sandwich
88%
Final Question!!!!!!!!!!! Enjoyed this? Who has auditioned the most times out of everyone in A-Troupe and how many times was it? Richelle: 6 times
82%
Who plays Kenzie Emmerly Tinglin
81%
Who went to space camp? Kenzie
77%
What is the message of the dance to “Even When We’re Gone”? Noah is the leader. At the end they no longer need him
76%
Who are the 5 people in the convention trio? Jacquie, Summer, Richelle, Kingston and Henry
72%
Complete the lyrics: Can’t stop me now. “But I always know to keep my head up high Can’t stop me now ________” I got a heart and a six-string
68%
Who helps Richelle get over her emotional time after the duet? Ozzy
67%
Complete the lyrics: Animals “Side by side We fill the room __________________” So bright you can’t see the light
61%
These following will be complete the lyrics Can’t wait!
55%
What song does Lily compete in the convention to? Billionaire Vagabond
52%
We are going to go back to normal questions 😁 I was enjoying that!
36%
Complete the lyrics: Even When We’re Gone “I don’t care about the typical I’m not scared to dream ___________________” We got more than we bargained for
30%
No matching quizzes found
Score Distribution
Percent of People with Each Score
Percentile by Number Answered
Your Score History
You have not taken this quiz